000 01463nam a2200301 i 4500
001 158886
003 ES-MaACL
005 20230906211348.0
008 001010s1840 sp a |||| | spa d
100 1 _aMartín,
_cAbad.
_9168352
245 1 0 _aHistoria de la Tierra Santa desde la más remota antigüedad hasta el año 1839 /
_cpor el abate Martín ; adornada con hermosas láminas grabadas en acero... ; y acompañada de un hermoso Atlas geográfico-histórico... dirigido por A. Houzé ; traducida por M.O. y J.C.
260 _aBarcelona :
_b[s.n.],
_c1840 (
_fImp. de Brusi)
300 _a2 v. (568 p., 18 h. de grab. ; 400 p., 19-33 [i.e. 15] h. de grab.) ;
_c23 cm.
490 1 _aEl mundo, historia de todos los tiempos ;
_v1- 2
530 _aDisponible en formato digital.
594 _aNombre de 2º trad. tomado de Palau t. 8-153546: Juan Cortada.
594 _aMención de partes tomada de índices.
597 _aSignaturizado.
597 _aAntep.
599 _aLas h. de grab. calc.: "Malo del., Lavin sculp.". "Lavin del., Lecerf sculp. "
651 4 _aPalestina-
_xHistoria.
_99197
700 1 _aHouzé, A.
_964368
700 1 _aCortada, Juan (
_d1805-1868)
_9149955
830 1 _aEl mundo, historia de todos los tiempos ;
_v1- 2
_9221895
852 _aES-MaACL
_jD-4098-99
_z- Enc. hol.
856 _uhttps://bibliotecadigital.aecid.es/bibliodig/es/consulta/registro.do?id=1905
_zBiblioteca Digital AECID
999 _c158886
_d158886